Engineering materials: As used in India (Record no. 27532)

MARC details
000 -LEADER
fixed length control field 00348nam a2200133Ia 4500
082 ## - DEWEY DECIMAL CLASSIFICATION NUMBER
Classification number 62-03
Item number CHO
100 ## - MAIN ENTRY--AUTHOR NAME
Personal name Chowdhury, K P R
245 #0 - TITLE STATEMENT
Title Engineering materials: As used in India
250 ## - EDITION STATEMENT
Edition statement Ed.6
260 ## - PUBLICATION, DISTRIBUTION, ETC. (IMPRINT)
Place of publication New Delhi
Name of publisher Oxford & IBH
Year of publication 1976
650 ## - SUBJECT ADDED ENTRY--TOPICAL TERM
Topical Term Engineering materials
942 ## - ADDED ENTRY ELEMENTS (KOHA)
Koha item type Books
Holdings
Withdrawn status Lost status Damaged status Not for loan Home library Current library Date acquired Cost, normal purchase price Full call number Accession Number Koha item type
        RRII Library RRII Library 16/12/2021 12.50 62-03 CHO 08150 Books